000 00773nam a2200253 i 4500
001 171220
003 ES-MaACL
005 20260214175811.0
008 090505s1998 fr |||| | fre d
020 _a2-251-76014-8
080 _a007
080 _a004 Turing, Alan M.
100 1 _aLassègue, Jean.
_9140033
245 1 0 _aTuring /
_cJean Lassègue.
260 _aParis :
_bLes Belles Lettres,
_c1998.
300 _a210 p. ;
_c18 cm.
490 1 _aFigures du savoir ;
_v12
504 _aBibliografía.
600 1 7 _aTuring, Alan Mathison
_2
_9140034
650 0 4 _aInteligencia artificial.
_913861
830 0 _aFigures du savoir ;
_v12
_9189009
852 4 _aES-MaACL
_jE-12625
_9R.140192
_z. - Biblioteca Jacinto Martínez Lacalle
999 _c171220
_d171220